[Event "Olympiad-42"]
[Site "Baku"]
[Date "2016.09.02"]
[Round "1.2"]
[White "Bozinovic, Bogdan"]
[Black "Alcid, Allan"]
[Result "1-0"]
[WhiteElo "2219"]
[BlackElo "1750"]
[PlyCount "110"]
[EventDate "2016.09.02"]
[EventType "team-swiss"]
[EventRounds "11"]
[EventCountry "AZE"]
[SourceTitle "CBM 175"]
[Source "ChessBase"]
[SourceDate "2016.11.10"]
[SourceVersion "1"]
[SourceVersionDate "2016.11.10"]
[SourceQuality "1"]
[WhiteTeam "ICCD"]
[BlackTeam "Palau"]
[BlackTeamCountry "PAL"]

1. d4 Nf6 2. c4 e6 3. Nc3 d5 4. Nf3 Nc6 5. Bg5 Bb4 6. e3 Bd7 7. Qc2 h6 8. Bh4 g5 9. Bg3 Ne4 10. Bd3 Nxg3 11. hxg3 Qe7 12. 0-0-0 Bxc3 13. Qxc3 Nb4 14. Kb1 Nxd3 15. Qxd3 Qb4 16. cxd5 exd5 17. Nxg5 0-0-0 18. Nf3 f6 19. Rc1 Kb8 20. Rc5 Ba4 21. Qc3 Qxc3 22. Rxc3 Rd6 23. b3 Bd7 24. Kc2 a5 25. Kd2 Bf5 26. Rhc1 Rc8 27. Rc5 b6 28. Rc6 Rxc6 29. Rxc6 Rf8 30. Rc1 Kb7 31. Rh1 Rh8 32. Rh5 Be4 33. Ne1 Kc6 34. f3 Bg6 35. Rh4 Bb1 36. a3 b5 37. Nd3 Bxd3 38. Kxd3 Kd6 39. g4 c5 40. dxc5+ Kxc5 41. Rh5 b4 42. a4 Kd6 43. Kd4 Rc8 44. Rxd5+ Ke6 45. Rxa5 Rc3 46. Ra6+ Ke7 47. Ra7+ Kd6 48. Rf7 Ke6 49. Rh7 Rxb3 50. Rxh6 Ra3 51. g5 Rxa4 52. Rxf6+ Ke7 53. Rb6 b3+ 54. Kc3 Ra1 55. Rxb3 Ra6 1-0